000 00430nam a22001697a 4500
005 20250620144928.0
008 250507b |||||||| |||| 00| 0 eng d
020 _a9780241997673
040 _cSDCL
041 _aeng
084 _aO-,3N80 R3 LR
100 _aGaneshananthan, V. V.
_9754894
245 _aBrotherless Night
260 _aNew York :
_bPenguin Random House,
_c2023.
300 _axii,348p
942 _2CC
_cGB
999 _c1312952
_d1312952